000 01121nam a2200277Ia 4500
003 OSt
005 20210427143456.0
008 210310s1973 sp 001 0 spa d
020 _a8403182279
040 _aCO-JMCR
_cCO-JMCR
041 0 _aspa
082 0 4 _a336.02 /
_bM987s
_223
100 1 _aMusgrave, Richard Abel,
_915334
_eautor
245 1 0 _aSistemas fiscales /
_cRichard A. Musgrave ; traducción del inglés con una introducción a la versión española por Enrique Fuentes Quintana
260 _aMadrid :
_bAguilar,
_c1973
300 _blix, 390 páginas ;
_c21 cm.
490 0 _aBiblioteca de Ciencias Sociales. Sección 1°. Economía
500 _aIncluye notas a pie de página e índices de autores y materias.
504 _aBibliografía: páginas 367-379
505 0 _aSector público y sistemas económicos -- Sector público y desarrollo económico -- El sector público en su economía abierta
650 1 4 _aPolítica económica
_915336
650 2 4 _aHacienda pública
_937204
650 2 4 _aImpuestos
_937205
700 1 _aFuentes Quintana, Enrique,
_etraductor
_937206
942 _2ddc
_cBK
999 _c7746
_d7746